00482nam a2200133Ia 45000010005000000080041000050200022000460820019000681000018000872450180001052600021002859010027003069990015003332529241024s9999 xx 000 0 und d a978-9945-16-485-5 aRD/659.2/R741g aJ. Luis Rojas 0aGestión de las relaciones públicas antedecentes, naturaleza y casos : una guía para facilitar los procesos de aprendizaje y gestión de las relaciones públicas de hoy bEd. Búhoc2012 a8/10/2012 2:18:46 p.m. c7980d7980